|
|
|
|
| LEADER |
00000nam0a2200000 4500 |
| 001 |
256273 |
| 005 |
20231101233112.0 |
| 020 |
|
|
|a RU
|b 87-93321
|
| 035 |
|
|
|a (RuTPU)RU\TPU\book\278933
|
| 090 |
|
|
|a 256273
|
| 100 |
|
|
|a 20140407d1987 m a0rusy5003 ca
|
| 101 |
0 |
|
|a rus
|
| 102 |
|
|
|a RU
|
| 105 |
|
|
|a y j 001zy
|
| 200 |
1 |
|
|a Основания и фундаменты
|e учебник
|f А. М. Силкин, Н. Н. Фролов
|
| 205 |
|
|
|a 2-е изд., перераб. и доп.
|
| 210 |
|
|
|a Москва
|c Агропромиздат
|d 1987
|
| 215 |
|
|
|a 284 с.
|c ил.
|
| 225 |
1 |
|
|a Учебники и учебные пособия для студентов вузов
|
| 320 |
|
|
|a Библиогр.: с. 280.
|
| 320 |
|
|
|a Предм. указ.: с. 281-282.
|
| 606 |
1 |
|
|a Фундаменты
|x Устройство
|2 stltpush
|3 (RuTPU)RU\TPU\subj\17006
|9 42864
|
| 606 |
1 |
|
|a Основания
|x Устройство
|2 stltpush
|3 (RuTPU)RU\TPU\subj\47574
|9 66496
|
| 610 |
1 |
|
|a учебники
|
| 610 |
1 |
|
|a грунтоведение
|
| 610 |
1 |
|
|a грунты
|
| 610 |
1 |
|
|a физические свойства
|
| 610 |
1 |
|
|a характеристика
|
| 610 |
1 |
|
|a напряжения
|
| 610 |
1 |
|
|a котлованы
|
| 675 |
|
|
|a 624.15(075.8)
|z rus
|
| 700 |
|
1 |
|a Силкин
|b А. М.
|g Александр Михайлович
|
| 701 |
|
1 |
|a Фролов
|b Н. Н.
|g Николай Николаевич
|
| 801 |
|
0 |
|a RU
|b RuMRKP
|c 19950417
|g psbo
|
| 801 |
|
1 |
|a RU
|b 63413507
|c 20140407
|
| 801 |
|
2 |
|a RU
|b 63413507
|c 20141004
|g RCR
|
| 942 |
|
|
|c BK
|